000 00372pam a2200145a 44500
008 230405s xxu||||| |||| 00| 0 eng d
041 _aENG
100 _aVARLEY H / GOWENLOCK
245 _aPRACTICAL CLINICAL BIOCHEMISTRY VOL I
250 _a5 1991
260 _aNEW DELHI
_bCBS PUBLISHERS DELHI
_c
300 _a1277
650 _aPHARMACEUTICAL CHEMISTRY
906 _a260
999 _c275531
_d275531